Dialogue Orgueil et Préjugés (film 2005) - Statistiques

Statistiques générales
  • Ce quiz a été pris 302 fois
  • Le résultat moyen est 105 sur 217
Statistiques - réponses
Personnage Texte % Correct
à
90%
je
88%
Je
88%
vous
86%
Mr Darcy Vous
86%
me
82%
ai
79%
ma
78%
de
75%
aime.
72%
Elizabeth.
71%
Mr Darcy Miss
70%
le
69%
ne
69%
la
66%
66%
en
63%
mon
63%
et
62%
Elizabeth Et
62%
peu
62%
votre
60%
ce
59%
sentiments.
56%
sentiments
56%
Mr Darcy Est
55%
pas...
55%
pas
55%
mes
54%
que
54%
suis
54%
peux
53%
les
52%
moi
52%
moi ?
52%
moi,
52%
mais
51%
Mais
51%
si
51%
famille,
50%
plus
50%
pour
50%
il
49%
Elizabeth Monsieur,
49%
Monsieur.
49%
Elizabeth Non.
48%
amour
46%
un
46%
Elizabeth Oui
45%
J'ai
43%
qui
42%
moquez
41%
Mr Darcy Puis
40%
puis
40%
réponse ?
40%
main ?
39%
demande
37%
vain
37%
D'un
36%
une
36%
lutté
34%
lutte
34%
bon
33%
veux
33%
Ces
31%
comprends
31%
rang
31%
ardent.
30%
tout
30%
avec
29%
dire
29%
faire
29%
contre
28%
été
28%
savoir
28%
savoir.
28%
sûre
28%
avez
27%
pourquoi
27%
pourquoi,
27%
sens,
27%
tour
27%
j'en
26%
d'accepter
25%
dans
25%
l'honneur
24%
raison
24%
réprimer
23%
alors ?
22%
cela
22%
ont
22%
sans
22%
fi
21%
volonté ?
21%
être
20%
m'aimez
20%
seul
20%
repoussez
19%
tant
19%
Elizabeth N'est
18%
peine.
18%
venez
18%
voir,
18%
sensible
17%
avoir
16%
but
16%
Croyez
16%
déclarer
16%
obstacle,
16%
venu
16%
bonne
15%
derniers
15%
mois
15%
représente
15%
heurté
14%
menée
14%
navrée
14%
rejetez
14%
blesser,
13%
causé
13%
d'abréger
13%
d'effort
13%
faisant
13%
fallait.
13%
n'êtes
13%
souffrance.
13%
supplice.
13%
Voudriez
13%
aideront
12%
d'autres
12%
l'intention
12%
empêchaient
11%
évidente
11%
c'était
10%
l'attente
10%
Rosings
10%
surmonter
10%
involontaire.
9%
polie ?
9%
impolitesse ?
8%
pensais
8%
Aucun quiz correspondant
Distribution des résultats
% des personnes avec chaque résultat
Percentile par nombre de réponses
Votre historique - résultats
Vous n’avez pas pris ce quiz